00935nam a22002537a 450000500170000000800410001701000150005802000260007303500130009903700130011204000130012508200100013810000100014824501130015826000420027127001000031330000270041350000190044065000100045970000310046994200240050099900170052495201400054120110913165136.0110913t xxu||||| |||| 00| 0 eng d aENG-103680 a9789350350638c450.00 aEN-87213 bDBAD/PUB aDPLbEng00a340.91 93472410aSelect essays on private international law /cedited by Lakshmi Jambholkar ; foreworded by Rahmatullah Khan aDelhibUniversal Law Publishingc2011 aC-FF-1A, Dikhush Industrial Estate (Near Azadpur Metro Station) G.T. Karnal RoadbDelhie110033 axxiv,268p. c25cm (Hb) aIncludes index 0934725 934727aJambholkar, Lakshmi 2ddccENh340.9mSEL c56579d56579 00102ddc40718NFICaDBADbDBADd2011-09-13eDBAD/PUBg450.00l0o340.9 SELpEN-87213r2011-09-13 00:00:00t1v450.00w2011-09-13yEN